| 000 | 00749nam a22002531 4500 | ||
|---|---|---|---|
| 001 | 22634 | ||
| 003 | BD-RjUL | ||
| 005 | 20211209000830.0 | ||
| 008 | 140309s1965 nyu b 001 0 eng | ||
| 035 | _a(BD-RjUL)22699 | ||
| 040 |
_aDLC _cDLC _dDLC _dBD-RjUL _beng |
||
| 041 | _aeng | ||
| 082 | 0 | 0 |
_a808 _bCOC 1965 |
| 100 | 1 |
_aCorbett, Edward P. J. _969865 |
|
| 245 | 1 | 0 |
_aClassical rhetoric for the modern student / _cEdward P. J. Corbett. |
| 260 |
_aNew York : _bOxford University Press, _cc1965. |
||
| 300 |
_axii, 584 p. ; _c24 cm. |
||
| 504 | _aBibliography: p. 569-574. and index. | ||
| 650 | 0 |
_aRhetoric, Ancient. _959042 |
|
| 650 | 0 |
_aEnglish language _xRhetoric. _969866 |
|
| 942 |
_2ddc _cBK |
||
| 999 |
_c22634 _d22634 |
||